Kecergasan fizikal [ 6 Julai 2010

Bibliographic Details
Corporate Author: Institut Penilaian Negara
Format: Book
Language:Malay
Published: Bangi : Institut Penilaian Negara , 2010
Subjects:

MARC

LEADER 00000cam a2200000 7i4500
001 0000023038
005 20110209.0
008 110131 my v may
040 |a INS 
090 0 0 |a VCD 1850 
245 0 0 |a Kecergasan fizikal [  |h cakera video]   |c oleh Dr. Noor Azah Daud :   |b 6 Julai 2010 
260 |a Bangi :   |b Institut Penilaian Negara ,   |c 2010 
300 |a 1 cakera video (70 min.) :   |b by., wrn. ;   |c 4 3/4 in. 
650 0 |a Physical education training 
650 0 |a Physical training 
710 1 |a Institut Penilaian Negara 
999 |a VCD0001850   |b DIGITAL VIDEO CD   |c Media Collection   |e Default branch